Quizzes
Events
Quiz Creation
Community
Videos
Private Events
Remove Ads
Sign In
Join for FREE
Feedback
Dark Mode
Quiz Categories
Sports
Geography
Music
Movies
Television
Just For Fun
Miscellaneous
History
Literature
Language
Science
Gaming
Entertainment
Religion
Holiday
For Kids
Quiz Lab
Recent
Popular Today
Quiz Kudos Today
Editor Picks
Curator Picks
Quizzes by...
Day
Popularity
Type
Ratings
Length
Year
Community
Subscriptions
Recent Discussions
Orange Saloon
Badges
Playlists
Quests
Create
Leaderboards
Showdown
Live 5
Trivia Bingo
Activity
Puzzle Library
Sporcle Events
Private Events
Virtual Trivia
Globe League
Become a Host
Pub Owners
SporcleCon
Opinionation
Our Games
Videos
Blog
Mobile Apps
Partnerships
Remove Ads and Go Orange
Feedback
Language
Vocabulary
Begins and Ends
Definition
Spanish
French
German
Italian
Chinese
Latin
Translation
Japanese
Language
Vocabulary
Begins and Ends
Definition
Spanish
French
German
Italian
Chinese
Latin
Translation
Japanese
Random Quiz
Search Sporcle
×
Quiz Lab
Quiz Lab
Language
Definition
Type in answers that appear in a list
Type in answers that appear in a list
Classic
Best Score? Go Orange.
10-Letter Words Stats
Can you name the the ten-letter words?
By
Shotgunnova
7m
30 Questions
322 Plays
322 Plays
322 Plays
Comments
Comments
Give Quiz Kudos
Give Quiz Kudos
-
- Ratings
hide this ad
Random Order
Randomize order of answers
Randomize order of answers
Replay
Link that replays current quiz
Next Quiz
Link to next quiz in quiz playlist
You Got
0%
They Got
Avg Score
51%
Avg Friend Score
Upgrade to see
Score Distribution
Jump to the score distribution portion of the page
Score
0/30
Timer
07:00
0
Plays Today
Definition
Answer
% Correct
Someone on the roadside trying to solicit rides from passing vehicles
Hitchhiker
76.9%
While you enjoy a night on the town, this person watches your kids
Babysitter
76.9%
Vibrations in the earth's crust, often near fault lines, can cause this
Earthquake
73.5%
An ornate, often decorative, light suspended from the ceiling
Chandelier
72.9%
The name of this ( ' ) punctuation mark
Apostrophe
70.7%
Device where a falling blade decapitates its victim
Guillotine
70.4%
Type of question posed, often for effect, and to which no answer is expected
Rhetorical
69.8%
Restaurant specializing in beef -
-
Outback is a famous one
Steakhouse
69.5%
On the 2nd day of Christmas, my true love sent to me...two of this bird type
Turtledove
68.2%
A marvelous imaginary realm, such as the one Alice found after following the white rabbit...
Wonderland
65.7%
Some believe this disastrous event will arrive in 2012, bringing much destruction
Apocalypse
63.9%
If you deface a building with spray paint (etc.), then you've _
_
_
_
_
_
it
Vandalized
58.6%
Eating both animal and vegetable foods, rather than just one kind
Omnivorous
58.3%
Space shuttle that famously exploded on Jan 28, 1986
Challenger
57.6%
Spoons, forks, and serving implements used at the table
Silverware
56.1%
Definition
Answer
% Correct
A female comedian
Comedienne
54.2%
The small elevator used to convey food (etc.) from one floor to another
Dumbwaiter
53%
Variety of melon having a tan rind and sweet, fragrant orange flesh
Cantaloupe
52.6%
A wide sash worn at the waist, esp. a horizontally pleated one worn with a tuxedo
Cummerbund
49.5%
Disease where the blood doesn't clot well, so even small wounds can bleed excessively
Hemophilia
46.4%
Slang for the kidneys; or, the utility between Marvin Gardens and Ventnor Avenue in the classic US version of Monopoly
Waterworks
43.6%
A device, either external or implanted, that substitutes for or supplements a missing or defective part of the body
Prosthetic
43.3%
0.000000000001 is equal to one...
Trillionth
39.9%
According to the singalong, this Australian bird sits in an old gum tree and is King of the Bush
Kookaburra
39.6%
Small blocks of charcoal, used primarily in barbecuing
Briquettes
34%
Previously used or owned
Secondhand
31.8%
An institution for the preservation or recovery of health; also a Metallica song
Sanitarium
20.6%
One who builds or repairs ships
Shipwright
15%
A vivid red to reddish orange; also called cinnabar
Vermillion
9%
An intensely bright & broad beam of artificial light
Floodlight
7.2%
Quiz Playlist
Details
Report
Send in Message
Add To Playlist
Classic:
Type in answers that appear in a list
Random Order:
Randomize order of answers
Last Updated: Feb 16, 2017
Quiz Scoreboard
CHALLENGE
Sign Up to Join the Scoreboard
Show All
Scores
Hide
Comments
May contain spoilers
Recently Published
NBA Finals Game Top Scorers (2010s)
by flibbidy
Sports
5m
Guess the 'R' Things in 3 Words
by MSUKent
Miscellaneous
3m
Actor to Badly Drawn Movie III
by MoMosMoProblems
Movies
5m
More to Explore
Quiz From the Vault
Featured Blog Post
Where Does Lost Luggage Go?
hide this ad
You Might Also Like...
Tags
Definition Quiz
10-letter
Today's Top Quizzes in Language
Browse Language
hide this ad
Today's Top Quizzes in Definition
Browse Definition
Top Contributed Quizzes in Language
1
Einsilbige Reime auf Chips
2
Linguistic Evolution! (V)
3
Trivia Jigsaw: Language
4
Guess the Word in 3 Words
5
One-Minute Crossword CCLVI
6
Here... Let me make up a word for that
7
1960s Slang
8
Hiragana Speed Reading
9
AP Lang. Literary Terms
10
One-Minute Crossword CCLV
Explore More
Trending Topics
Kpop
Anime
Crossword
Disney
NBA
Harry Potter
Marvel
Country
Song
The Office
Pokémon
Puzzle
NFL
Soccer
WWE
hide this ad
More By:
Shotgunnova
Quiz
Plays
Rating
Category
Featured
Created
Fallout New Vegas Megaquiz
6,241
4.67
Gaming
Sep 2, 2012
Smashing Pumpkins Songs
2,441
4.50
Music
Dec 5, 2009
Final Fantasy IX Locations
2,050
5.00
Gaming
Nov 1, 2009
Word Endings
1,624
4.00
Language
Jan 7, 2010
Elder Scrolls IV: Oblivion Quiz
1,542
4.92
Gaming
Aug 31, 2010
Go to Creator's Profile
Score Distribution
Quiz Creator Spotlight
Shotgunnova
Follow
Send a Message
Quizzes Created
-
Created Quiz Play Count
-
More By This Creator
Popular Quizzes Today
1
Find the US States - No Outlines Minefield
2
Find the US States
3
The Countries of the World
4
10 Largest US States in Order
5
Find the Countries of Europe - No Outlines Minefield
6
US States
7
Guess the 'R' Things in 3 Words
8
NBA Finals Game Top Scorers (2010s)
More Language Quizzes
'Blood of the Dragon' in Different Languages
Quiz Lab
Trending Quizzes
First Name TV: Leading Men
Match the Book to the Film II
First Name TV: Leading Women Drama
Match the Book to the Film VI
Pick A Pair: Religious TV
Recently Updated
Women's Final Four Teams by Year
bhenderson79
Presidents Quartet II
eogle
Anything But Clue(do)
eogle
Anything But Oceanian Capitals
eogle
Anything But 7
eogle
Anything But Thing
eogle
Word Ladder: February 29
pecheneg
Song Title Questions
pecheneg
Women's NCAA Tournament #1 Seeds
pecheneg
Celebrity Mug Shots
pecheneg
Trending Topics
Crossword
Kpop
Disney
Marvel
Anime
Harry Potter
NBA
Country
Soccer
Pokémon
The Office
Song
WWE
Puzzle
NFL
Your Account Isn't Verified!
In order to create a playlist on Sporcle, you need to verify the email address you used during registration. Go to your
Sporcle Settings
to finish the process.
Report this User
Report this user for behavior that violates our
Community Guidelines
.
Details:
Send Report
Go to the Sporcle.com Mobile Site →
Comments